श्री ज्ञानेश्वरी सिद्धयोग दर्शन (Record no. 53802)

MARC details
000 -LEADER
fixed length control field 00718nam a2200229Ia 4500
005 - DATE AND TIME OF LATEST TRANSACTION
control field 20250718110016.0
041 ## - LANGUAGE CODE
Language code of text/sound track or separate title mar
082 ## - DEWEY DECIMAL CLASSIFICATION NUMBER
Classification number M2G
Item number JNA/BHI
008 - FIXED-LENGTH DATA ELEMENTS--GENERAL INFORMATION
fixed length control field 250718s9999||||xx |||||||||||||| ||und||
100 ## - MAIN ENTRY--PERSONAL NAME
Personal name ज्ञानेश्वर
245 #0 - TITLE STATEMENT
Title श्री ज्ञानेश्वरी सिद्धयोग दर्शन
Statement of responsibility, etc. Shri Dnyaneshvari Siddhayoga Darshan
250 ## - EDITION STATEMENT
Edition statement 2nd ed
260 ## - PUBLICATION, DISTRIBUTION, ETC.
Place of publication, distribution, etc. Pune
Name of publisher, distributor, etc. Sidhayoga Prakashan
Date of publication, distribution, etc. 2003
300 ## - PHYSICAL DESCRIPTION
Extent 64, 1632 p.
650 ## - SUBJECT ADDED ENTRY--TOPICAL TERM
Topical term or geographic name entry element Hinduism
650 ## - SUBJECT ADDED ENTRY--TOPICAL TERM
Topical term or geographic name entry element Bhagavad Gita
650 ## - SUBJECT ADDED ENTRY--TOPICAL TERM
Topical term or geographic name entry element Dnyaneshvari
700 ## - ADDED ENTRY--PERSONAL NAME
Personal name जोशी, केशव रामचंद्र
Titles and other words associated with a name Dr
700 ## - ADDED ENTRY--PERSONAL NAME
Personal name Dnyaneshwar
700 ## - ADDED ENTRY--PERSONAL NAME
Personal name Joshi, Keshav Ramchandra
942 ## - ADDED ENTRY ELEMENTS (KOHA)
Koha item type Book
Holdings
Withdrawn status Lost status Source of classification or shelving scheme Damaged status Not for loan Collection code Home library Current library Shelving location Date acquired Cost, normal purchase price Total Checkouts Full call number Barcode Date last seen Price effective from Koha item type
Available Not Lost Dewey Decimal Classification   Available for loan Hinduism Bhavans Library Bhavans Library Regular Library 07/18/2025 800.00   M2G/JNA/JOS/88398 88398 07/18/2025 07/18/2025 Book

Copyright © All Rights Reserved www.bhavanslibrary.org